<?xml version="1.0" encoding="UTF-8"?>
<collection xmlns="http://www.loc.gov/MARC21/slim">
 <record>
  <leader>01106aam a22002658a 4500</leader>
  <controlfield tag="001">00029523</controlfield>
  <controlfield tag="008">120822s2003                  ||||||viesd</controlfield>
  <controlfield tag="005">20171026081023.0</controlfield>
  <datafield tag="020" ind1=" " ind2=" ">
   <subfield code="c">9000</subfield>
  </datafield>
  <datafield tag="041" ind1="0" ind2="#">
   <subfield code="a">vie</subfield>
  </datafield>
  <datafield tag="082" ind1="1" ind2="4">
   <subfield code="a">895.922 12</subfield>
   <subfield code="b">TR527K</subfield>
  </datafield>
  <datafield tag="100" ind1="1" ind2="#">
   <subfield code="a">Nguyễn, Du</subfield>
  </datafield>
  <datafield tag="245" ind1="1" ind2="0">
   <subfield code="a">Truyện Kiều</subfield>
   <subfield code="c">Nguyễn Du; Bùi Kỷ, Trần Trọng Kim (hiệu thảo)</subfield>
  </datafield>
  <datafield tag="260" ind1="#" ind2="#">
   <subfield code="a">Đồng Nai</subfield>
   <subfield code="b">Đồng Nai</subfield>
   <subfield code="c">2003</subfield>
  </datafield>
  <datafield tag="300" ind1="#" ind2="#">
   <subfield code="a">203 tr.</subfield>
   <subfield code="c">18 cm.</subfield>
  </datafield>
  <datafield tag="650" ind1="#" ind2="4">
   <subfield code="a">Văn học</subfield>
   <subfield code="v">Tác phẩm</subfield>
   <subfield code="z">Việt Nam</subfield>
  </datafield>
  <datafield tag="653" ind1="#" ind2="#">
   <subfield code="a">Truyện Kiều</subfield>
  </datafield>
  <datafield tag="653" ind1="#" ind2="#">
   <subfield code="a">Văn học Việt Nam</subfield>
  </datafield>
  <datafield tag="700" ind1="1" ind2="#">
   <subfield code="a">Bùi, Kỷ</subfield>
   <subfield code="e">Hiệu thảo</subfield>
  </datafield>
  <datafield tag="700" ind1="1" ind2="#">
   <subfield code="a">Trần, Trọng Kim</subfield>
   <subfield code="e">Hiệu thảo</subfield>
  </datafield>
  <datafield tag="852" ind1="#" ind2="#">
   <subfield code="b">Kho mượn</subfield>
   <subfield code="j">KM.0014118, KM.0014119, KM.0014120, KM.0014121, KM.0014122, KM.0014123, KM.0014124, KM.0014125, KM.0014126</subfield>
  </datafield>
  <datafield tag="852" ind1="#" ind2="#">
   <subfield code="b">Kho đọc</subfield>
   <subfield code="j">KD.0013855</subfield>
  </datafield>
  <datafield tag="852" ind1="#" ind2="#">
   <subfield code="j">KM.0014121</subfield>
   <subfield code="j">KM.0014122</subfield>
   <subfield code="j">KM.0014124</subfield>
   <subfield code="j">KM.0014125</subfield>
   <subfield code="j">KM.0014119</subfield>
   <subfield code="j">KM.0014120</subfield>
   <subfield code="j">KD.0013855</subfield>
   <subfield code="j">KM.0014118</subfield>
   <subfield code="j">KM.0014123</subfield>
   <subfield code="j">KM.0014126</subfield>
  </datafield>
  <datafield tag="910" ind1="0" ind2="#">
   <subfield code="d">13/9/2012</subfield>
   <subfield code="a">kchi</subfield>
  </datafield>
  <datafield tag="980" ind1="#" ind2="#">
   <subfield code="a">Trung tâm Học liệu Lê Vũ Hùng, Trường Đại học Đồng Tháp</subfield>
  </datafield>
 </record>
</collection>
